Κατάλογος Βιβλιοθηκών Mediterranean College

Εκθέσεις 8 / Εξελίξεις στο Διεθνές Χρηματοπιστωτικό Σύστημα και η Ενοποίηση της Ευρωπαΐκής Αγοράς: Επιπτώσεις για την Ελλάδα (Record no. 4500)

MARC details
000 -LEADER
fixed length control field 01907cam a22001814a 4500
005 - ΗΜΕΡΟΜΗΝΙΑ ΚΑΙ ΩΡΑ ΤΕΛΕΥΤΑΙΑΣ ΕΝΗΜΕΡΩΣΗΣ
Πεδίο ελέγχου 20250605164147.0
008 - FIXED-LENGTH DATA ELEMENTS--GENERAL INFORMATION
Πεδίο ελέγχου σταθερού μήκους 250528s ||||||||||||||||||||||||d
035 ## - SYSTEM CONTROL NUMBER
System control number 19234
040 ## - ΠΗΓΗ ΚΑΤΑΛΟΓΟΓΡΑΦΗΣΗΣ
Φορέας πρωτότυπης καταλογογράφησης MC Athens Campus Library
Γλώσσα καταλογογράφησης Ελληνικά, Μοντέρνα (1453-)
Modifying agency MC Athens Campus Library
Κανόνες περιγραφικής καταλογογράφησης AACR2
245 1# - ΤΙΤΛΟΣ ΚΑΙ ΔΗΛΩΣΗ ΥΠΕΥΘΥΝΟΤΗΤΑΣ
Τίτλος Εκθέσεις 8 / Εξελίξεις στο Διεθνές Χρηματοπιστωτικό Σύστημα και η Ενοποίηση της Ευρωπαΐκής Αγοράς: Επιπτώσεις για την Ελλάδα
260 ## - PUBLICATION, DISTRIBUTION, ETC.
Name of publisher, distributor, etc. Κέντρο Προγραμματισμού Και Οικονομικών Ερευνών,
Date of publication, distribution, etc. 1992
300 ## - PHYSICAL DESCRIPTION
Extent 544
520 ## - SUMMARY, ETC.
Summary, etc. Περιεχόμενα, Γενική Εισαγωγή, Ανταγωνιστικές Συνθήκες στο Διεθνές Χρηματοπιστωτικό Σύστημα: Απορρύθμιση και Μακροοικονομικό Περιβάλλον και Νέα Tεχνολογία, Η Χρηματοοικονομική Επανάσταση: Νέες Μορφές Προσφοράς Χρηματοπιστωτικών Υπηρεσιών, Νέα Χρηματοπιστωτικά Μέσα, Η Ενιαία Ευρωπαϊκή Αγορά Χρηματοπιστωτικών Υπηρεσιών και η Σημασία της για την Ελλάδα, Θέσπιση Κοινών Κανόνων για την Ενίσχυση της Τραπεζικής Εποπτείας, Οι Επιπτώσεις στα Ευρωπαϊκά Χρηματοπιστωτικά Συστήματα και Ιδιαίτερα στην Ελλάδα από τη Χρηματοπιστωτική Επανάσταση και την Ενοποίηση της Ευρωπαϊκής Αγοράς, Γενικά Συμπεράσματα και Προτάσεις Πολιτικής, Βιβλιογραφία.
700 1# - ΠΡΟΣΘΕΤΗ ΑΝΑΓΡΑΦΗ--ΦΥΣΙΚΟ ΠΡΟΣΩΠΟ
Personal name Μαρούλης Δημήτριος Κ
9 (RLIN) 2516
942 ## - ADDED ENTRY ELEMENTS (KOHA)
Koha item type Books
Holdings
Τύπος τεκμηρίου Βιβλιοθήκη Τρέχουσα τοποθεσία Barcode Αριθμός εισαγωγής Ημερομηνία απόκτησης Ταξιθετικό σύμβολο Αριθμός αντιτύπου Κατάσταση απόσυρσης Κατάσταση χαμένου Κατάσταση κατεστραμμένου Μη δανεισμός Σύνολο δανεισμών Ημερομηνία τελευταίας εμφάνισης Η τιμή ισχύει από
Books MC Athens Campus Library MC Athens Campus Library 9780000044990 5222 05/06/2025 332.109 4 MAR 1           05/06/2025 05/06/2025

MC Athens Campus Library
Πατησίων 94 & Κοδριγκτώνος 13, 104 34
Πελλήνης 8 & Πατησίων 107, 112 51
Τ: +30 210 8899600

MC Thessaloniki Campus Library
Ίωνος Δραγούμη 21, 54625 | Ίωνος Δραγούμη 15, 54625
Τ: +30 2310 287779 – Τ: +30 2314 440300